100+tip.ideas:ideas for storage ideas para guardar (Record no. 11599)

MARC details
000 -LEADER
fixed length control field 00364nam a2200145Ia 4500
008 - FIXED-LENGTH DATA ELEMENTS--GENERAL INFORMATION
fixed length control field 230312s9999||||xx |||||||||||||| ||und||
020 ## - INTERNATIONAL STANDARD BOOK NUMBER
International Standard Book Number 0-7437-0242-5
082 ## - DEWEY DECIMAL CLASSIFICATION NUMBER
Classification number 720-19
Item number GIL-1
100 ## - MAIN ENTRY--PERSONAL NAME
Personal name Gil Daniel perez
245 #0 - TITLE STATEMENT
Title 100+tip.ideas:ideas for storage ideas para guardar
260 ## - PUBLICATION, DISTRIBUTION, ETC.
Name of publisher, distributor, etc. China
Date of publication, distribution, etc. 2009
300 ## - PHYSICAL DESCRIPTION
Extent 134
650 ## - SUBJECT ADDED ENTRY--TOPICAL TERM
Topical term or geographic name entry element Architecture
942 ## - ADDED ENTRY ELEMENTS (KOHA)
Koha item type BOOK
Holdings
Withdrawn status Lost status Damaged status Not for loan Home library Current library Date acquired Total Checkouts Full call number Barcode Date last seen Price effective from Koha item type
        Superior Information Resource Center (SIRC) Superior University- Central Library Superior Information Resource Center (SIRC) Superior University- Central Library 03/13/2023   720-19 GIL-1 11728 03/13/2023 03/13/2023 BOOK

Powered by Koha